<?xml version="1.0" encoding="UTF-8"?>
<record
    xmlns:xsi="http://www.w3.org/2001/XMLSchema-instance"
    xsi:schemaLocation="http://www.loc.gov/MARC21/slim http://www.loc.gov/standards/marcxml/schema/MARC21slim.xsd"
    xmlns="http://www.loc.gov/MARC21/slim">

  <leader>09891nam a2200637 i 4500</leader>
  <controlfield tag="001">57922</controlfield>
  <controlfield tag="003">FINmELB</controlfield>
  <controlfield tag="005">20241216232952.0</controlfield>
  <controlfield tag="006">m     o  d |      </controlfield>
  <controlfield tag="007">cr cnu||||||||</controlfield>
  <controlfield tag="008">210616s2019    ck ao  gob    000 0 spa d</controlfield>
  <datafield tag="020" ind1=" " ind2=" ">
    <subfield code="a">9781512982114</subfield>
    <subfield code="q">(e-book)</subfield>
  </datafield>
  <datafield tag="020" ind1=" " ind2=" ">
    <subfield code="z">9789587633276</subfield>
  </datafield>
  <datafield tag="035" ind1=" " ind2=" ">
    <subfield code="a">(OCoLC)1257034516</subfield>
  </datafield>
  <datafield tag="040" ind1=" " ind2=" ">
    <subfield code="a">FINmELB</subfield>
    <subfield code="b">spa</subfield>
    <subfield code="e">rda</subfield>
    <subfield code="c">FINmELB</subfield>
  </datafield>
  <datafield tag="050" ind1=" " ind2="4">
    <subfield code="a">HB615</subfield>
    <subfield code="b">.E477 2019</subfield>
  </datafield>
  <datafield tag="080" ind1=" " ind2=" ">
    <subfield code="a">658</subfield>
  </datafield>
  <datafield tag="082" ind1="0" ind2="0">
    <subfield code="a">658.421</subfield>
    <subfield code="2">23</subfield>
  </datafield>
  <datafield tag="245" ind1="0" ind2="3">
    <subfield code="a">El emprendimiento social y la innovaci&#xF3;n como motor del crecimiento empresarial /</subfield>
    <subfield code="c">Cliden Amanda Pereira Bola&#xF1;os, Diana Milena Velandia Daza, Manuel Ricardo Rey Romero[y otros dos] ; compilador Camilo Jos&#xE9; Pe&#xF1;a Lapeira.</subfield>
  </datafield>
  <datafield tag="264" ind1=" " ind2="1">
    <subfield code="a">Bogot&#xE1; :</subfield>
    <subfield code="b">Corporaci&#xF3;n Universitaria Minuto de Dios. UNIMINUTO. Vicerrector&#xED;a Regional Bogot&#xE1; Sur,</subfield>
    <subfield code="c">2019.</subfield>
  </datafield>
  <datafield tag="300" ind1=" " ind2=" ">
    <subfield code="a">1 recurso en l&#xED;nea (172 p&#xE1;ginas) :</subfield>
    <subfield code="b">ilustraciones</subfield>
  </datafield>
  <datafield tag="336" ind1=" " ind2=" ">
    <subfield code="a">texto</subfield>
    <subfield code="b">txt</subfield>
    <subfield code="2">rdacontent/spa</subfield>
  </datafield>
  <datafield tag="337" ind1=" " ind2=" ">
    <subfield code="a">computadora</subfield>
    <subfield code="b">c</subfield>
    <subfield code="2">rdamedia/spa</subfield>
  </datafield>
  <datafield tag="338" ind1=" " ind2=" ">
    <subfield code="a">recurso en l&#xED;nea</subfield>
    <subfield code="b">cr</subfield>
    <subfield code="2">rdacarrier/spa</subfield>
  </datafield>
  <datafield tag="490" ind1="1" ind2=" ">
    <subfield code="a">Compilaci&#xF3;n de textos de ciencias administrativas y contables</subfield>
  </datafield>
  <datafield tag="490" ind1="1" ind2=" ">
    <subfield code="a">Colecci&#xF3;n Uniminuto</subfield>
  </datafield>
  <datafield tag="504" ind1=" " ind2=" ">
    <subfield code="a">Incluye referencias bibliogr&#xE1;ficas.</subfield>
  </datafield>
  <datafield tag="505" ind1="0" ind2=" ">
    <subfield code="a">P&#xC1;GINA LEGAL -- TABLA DE CONTENIDO -- &#xCD;NDICE DE TABLAS -- TABLA 1.1. COMPETENCIAS LABORALES GENERALES -- TABLA 1.2. CONSULTORIOS EMPRESARIALES Y CONTABLES EN BOGOT&#xC1; -- TABLA 1.3. PORTAFOLIO DE SERVICIOS DE CONSULTORIOS CONTABLES -- TABLA 1.4. COMPARATIVO DE &#xC1;REAS DEL CONOCIMIENTO Y DE RELACI&#xD3;N CON EL (...) -- TABLA 2.1. PROGRAMAS DE INCLUSI&#xD3;N LABORAL PARA POBLACI&#xD3;N V&#xCD;CTIMA DEL (...) -- TABLA 2.2. PROGRAMAS PARA LA PROMOCI&#xD3;N AL ACCESO DE OPORTUNIDADES DE (...) -- TABLA 3.1. CLASES DE COMPETENCIAS LABORALES -- TABLA 3.2. PROCESO DE DESARROLLO -- TABLA 4.1. LIDERAZGO EN INNOVACI&#xD3;N A ESCALA MUNDIAL GII-2018 -- TABLA 4.2. LIDERAZGO POR CATEGOR&#xCD;A DE AN&#xC1;LISIS GII-2018 -- TABLA 4.3. DIEZ PRIMEROS PUESTOS Y PRINCIPALES PA&#xCD;SES LATINOAMERICANOS (...) -- TABLA 4.4. ESTRATEGIAS DE INNOVACI&#xD3;N -- TABLA 4.5. DOCUMENTOS CLAVES PARA LA CONSTRUCCI&#xD3;N DE LA POL&#xCD;TICA DE (...) -- TABLA 4.6. ESTRATEGIAS DE INNOVACI&#xD3;N EN LAS PYMES -- TABLA 4.7. INDICADORES POR PROCESO DE INCORPORACI&#xD3;N DE INNOVACI&#xD3;N -- TABLA 5.1. CLASIFICACI&#xD3;N DE LAS INNOVACIONES -- TABLA 5.2. INDICADORES DE COMPETITIVIDAD EN COLOMBIA 2014-2018 -- TABLA 5.3. RANQUIN DE LAS EMPRESAS M&#xC1;S INNOVADORAS EN EL MUNDO 2017-2018 -- TABLA 5.4. LAS EMPRESAS CON MAYORES GANANCIAS EN EL MUNDO 2018 -- TABLA 5.5. LAS EMPRESAS COLOMBIANAS CON MAYOR &#xCD;NDICE DE INNOVACI&#xD3;N Y (...) -- TABLA 6.1. PARALELO HIST&#xD3;RICO DE LOS SISTEMAS DE SEGURIDAD SOCIAL Y SALUD, (...) -- TABLA 6.2. PARALELO HIST&#xD3;RICO DE LOS SISTEMAS DE SEGURIDAD SOCIAL Y SALUD, (...) -- TABLA 6.3. PARALELO HIST&#xD3;RICO DE LOS SISTEMAS DE SEGURIDAD SOCIAL Y SALUD, (...) -- TABLA 6.4. PARALELO HIST&#xD3;RICO DE LOS SISTEMAS DE SEGURIDAD SOCIAL Y SALUD, (...) -- TABLA 6.5. PARALELO HIST&#xD3;RICO DE LOS SISTEMAS DE SEGURIDAD SOCIAL Y SALUD, (...) -- &#xCD;NDICE DE FIGURAS -- FIGURA 1.1. CANALES DE COMUNICACI&#xD3;N DE LOS CONSULTORIOS -- FIGURA 1.2. RELACI&#xD3;N UNIVERSIDAD-EMPRESA-ESTADO -- FIGURA 1.3. EJES DE LA RESPONSABILIDAD SOCIAL UNIVERSITARIA -- FIGURA 2.1. RECATEGORIZACI&#xD3;N DE V&#xCD;CTIMAS DEL CONFLICTO ARMADO EN UN (...) -- FIGURA 2.2. RUTA DE ACOMPA&#xD1;AMIENTO A DESMOVILIZADOS -- FIGURA 2.3. INCLUSI&#xD3;N EN LA JUVENTUD LATINOAMERICANA -- FIGURA 2.4. TIPOLOG&#xCD;A DE V&#xCD;CTIMAS DEL CONFLICTO Y CONSECUENCIAS -- FIGURA 2.5. PRE&#xC1;MBULO DE LA INCLUSI&#xD3;N LABORAL A PARTIR DE LA INCLUSI&#xD3;N (...) -- FIGURA 3.1. CONSTITUYENTES DEL ESP&#xCD;RITU EMPRENDEDOR -- FIGURA 3.2. ELEMENTOS DE LA COMPETENCIA LABORAL -- FIGURA 3.3. BALANZA DE LA EMPLEABILIDAD -- FIGURA 3.4. DESCRIPCI&#xD3;N DE COMPETENCIAS RELEVANTES -- FIGURA 3.5. VARIABLES DE LA EMPLEABILIDAD -- FIGURA 3.6. APTITUDES B&#xC1;SICAS -- FIGURA 3.7. FINES EMPRESARIALES -- FIGURA 3.8. CAMINO DEL L&#xCD;DER -- FIGURA 3.9. CONTEXTO DE LA COMUNICACI&#xD3;N -- FIGURA 3.10. GESTI&#xD3;N Y EQUIPO -- FIGURA 3.11. ROLES DEL COACHING -- FIGURA 3.12. RASGOS DEL COACH -- FIGURA 3.13. GANANCIAS DEL COACHEE -- FIGURA 3.14. TIPOS DE COACHING -- FIGURA 3.15. COACHING Y DESARROLLO EMPRENDEDOR -- FIGURA 4.1. ASPECTOS RELATIVOS A LA INNOVACI&#xD3;N -- FIGURA 4.2. DATOS OBTENIDOS PARA EL PERIODO DE TIEMPO REFERENCIADO -- FIGURA 4.3. RELACI&#xD3;N ENTRE LAS EXPORTACIONES DE PRODUCTOS DE ALTA (...) -- FIGURA 4.4. INVERSI&#xD3;N EN DESARROLLO E INVESTIGACI&#xD3;N COMO PORCENTAJE DEL PIB -- FIGURA 4.5. PRODUCTO INTERNO BRUTO PER C&#xC1;PITA PROMEDIO (2000-2015) -- FIGURA 4.6. PA&#xCD;SES L&#xCD;DERES EN INNOVACI&#xD3;N VS. NIVEL DE INGRESOS GII-2018 -- FIGURA 4.7. DIEZ PRIMEROS PUESTOS GII-2018 -- FIGURA 4.8. UBICACI&#xD3;N DE LOS PRINCIPALES PA&#xCD;SES LATINOAMERICANOS EN EL (...) -- FIGURA 4.9. INVERSI&#xD3;N EN EDUCACI&#xD3;N COMO PORCENTAJE DEL PIB 2000-2016 -- FIGURA 4.10. DISTRIBUCI&#xD3;N PARETIANA Y GAUSSIANA -- FIGURA 5.1. GESTI&#xD3;N DEL CONOCIMIENTO EMPRESARIAL -- FIGURA 5.2. ESTRUCTURA DEL SISTEMA NACIONAL DE COMPETITIVIDAD, CIENCIA, (...) -- FIGURA 5.3. COMIT&#xC9;S T&#xC9;CNICOS DEL SISTEMA NACIONAL Y ENTIDADES QUE (...) -- FIGURA 5.4. EL CAMINO DE LA INNOVACI&#xD3;N -- FIGURA 5.5. CLASIFICACI&#xD3;N DE LAS BARRERAS DE LA INNOVACI&#xD3;N -- FIGURA 5.6. PRINCIPALES RASGOS DE UNA PERSONA CREATIVA -- FIGURA 5.7. TRI&#xC1;NGULO DE LA CREATIVIDAD -- FIGURA 5.8. INDICADORES EN LA MEDICI&#xD3;N DE PROCESO CREATIVOS -- FIGURA 6.1. LEGISLACI&#xD3;N DE SEGURIDAD Y SALUD EN EL TRABAJO EN COLOMBIA Y (...) -- FIGURA 6.2. SITIO WEB EN ESPA&#xD1;OL DE WIEGO -- FIGURA 6.3. PRESENTACI&#xD3;N DE PROYECTOS DE LA RUTA DE INNOVACI&#xD3;N SOCIAL PCIS -- FIGURA 6.4. SUBMARINOS INCAUTADOS AL NARCOTR&#xC1;FICO -- FIGURA 6.5. INFOGRAF&#xCD;A DE LA EXPEDICI&#xD3;N ALMIRANTE TONO -- FIGURA 6.6. SITIO WEB DEL SEMILLERO SST-IN -- INTRODUCCI&#xD3;N -- 1. LA PR&#xC1;CTICA PROFESIONAL COMO FACTOR DE INNOVACI&#xD3;N SOCIAL EN MIPYMES DE (...) -- INTRODUCCI&#xD3;N -- CONCEPTUALIZACI&#xD3;N DE LA PR&#xC1;CTICA PROFESIONAL -- ALCANCE Y BENEFICIARIOS -- CONTEXTO E IMPORTANCIA DE LOS CONSULTORIOS EMPRESARIALES Y CONTABLES -- EL CONSULTORIO EMPRESARIAL Y CONTABLE COMO ESTRATEGIA DE LA PR&#xC1;CTICA (...) -- BENEFICIOS DE LA CONSULTOR&#xCD;A PARA MIPYMES -- RESPONSABILIDAD SOCIAL EN LAS INSTITUCIONES DE EDUCACI&#xD3;N SUPERIOR -- CONCLUSIONES -- REFERENCIAS -- 2. INCLUSI&#xD3;N SOCIO-LABORAL Y OPORTUNIDADES DE EMPRENDIMIENTO EN EL (...) -- INTRODUCCI&#xD3;N -- GENERALIDADES DEL POSCONFLICTO Y EL DESAF&#xCD;O DE LA RSE -- INCLUSI&#xD3;N SOCIO-LABORAL EN EL POSCONFLICTO -- OPORTUNIDADES DE EMPRENDIMIENTO EN EL POSCONFLICTO -- CONCLUSIONES -- REFERENCIAS -- 3. EL COACHING COMO FACTOR DE DESARROLLO EMPRENDEDOR -- INTRODUCCI&#xD3;N -- EL DESARROLLO EMPRENDEDOR -- LAS HABILIDADES BLANDAS -- EL COACHING COMO FACTOR DE DESARROLLO -- CONCLUSIONES -- REFERENCIAS -- 4. INCIDENCIA DE LA INVERSI&#xD3;N EN LA POL&#xCD;TICA DE INNOVACI&#xD3;N EN LOS PA&#xCD;SES (...) -- INTRODUCCI&#xD3;N -- CONCEPTUALIZACI&#xD3;N SOBRE EL PROCESO DE INNOVACI&#xD3;N -- RELACI&#xD3;N ENTRE LA INVERSI&#xD3;N Y LA INNOVACI&#xD3;N -- ALGUNAS TENDENCIAS GLOBALES -- LATINOAM&#xC9;RICA Y LA INVERSI&#xD3;N ATADA A LA EDUCACI&#xD3;N -- ALGUNAS ESTRATEGIAS TRADICIONALES CON EL COMPONENTE DE INNOVACI&#xD3;N -- MODELO DE AN&#xC1;LISIS -- CONCLUSIONES -- REFERENCIAS -- 5. LA INNOVACI&#xD3;N EN LA EMPRESA Y SU RELACI&#xD3;N CON EL CRECIMIENTO ECON&#xD3;MICO -- INTRODUCCI&#xD3;N -- LO QUE REPRESENTA LA INNOVACI&#xD3;N EN LAS EMPRESAS -- LEGISLACI&#xD3;N EN TORNO A LA INNOVACI&#xD3;N Y LA COMPETITIVIDAD -- LAS BARRERAS DE LA INNOVACI&#xD3;N -- LA RELACI&#xD3;N DE LA INNOVACI&#xD3;N CON EL RENDIMIENTO EMPRESARIAL -- &#xBF;QUE HACER PARA SER M&#xC1;S INNOVADORES? -- CONCLUSIONES -- BIBLIOGRAF&#xCD;A -- 6. EMPRENDIMIENTO E INNOVACI&#xD3;N, CLAVES DEL DESARROLLO: REFLEXIONES DESDE (...) -- INTRODUCCI&#xD3;N -- EL CONCEPTO DE DESARROLLO COMO CONTEXTO HIST&#xD3;RICO-POL&#xCD;TICO-CULTURAL Y SU (...) -- EL SISTEMA DE SEGURIDAD Y SALUD EN EL TRABAJO EN COLOMBIA: INNOVACI&#xD3;N (...) -- EL TRABAJO Y EL BIENESTAR LABORAL COMO GARANTE DEL EQUILIBRIO PARA EL (...) -- LA DUALIDAD FORMAL E INFORMAL EN EL CONTEXTO LABORAL COLOMBIANO -- EMPRENDIMIENTO E INNOVACI&#xD3;N DE LAS UNIDADES PRODUCTIVAS EN ACCI&#xD3;N: CUATRO (...) -- CONCLUSIONES -- BIBLIOGRAF&#xCD;A -- AP&#xC9;NDICE 1 LOS CONSULTORIOS EMPRESARIALES -- AP&#xC9;NDICE 2 DESEMPE&#xD1;O ACAD&#xC9;MICO DE V&#xCD;CTIMAS DEL CONFLICTO ARMADO COLOMBIANO -- AP&#xC9;NDICE 3 EL COACHING PERSONAL.</subfield>
  </datafield>
  <datafield tag="520" ind1=" " ind2=" ">
    <subfield code="a">Aproximaci&#xF3;n al estado actual de los procesos de emprendimiento social y la innovaci&#xF3;n al interior de la mediana y peque&#xF1;a empresa colombiana; como motor no solo del crecimiento de la econom&#xED;a sino tambi&#xE9;n como facilitador de los procesos de formalizaci&#xF3;n empresarial, ejes fundamentales de la productividad y competitividad.</subfield>
  </datafield>
  <datafield tag="588" ind1=" " ind2=" ">
    <subfield code="a">Descripci&#xF3;n basada en metadatos suministrados por el editor y otras fuentes.</subfield>
  </datafield>
  <datafield tag="590" ind1=" " ind2=" ">
    <subfield code="a">Recurso electr&#xF3;nico. Santa Fe, Arg.: elibro, 2021. Disponible v&#xED;a World Wide Web. El acceso puede estar limitado para las bibliotecas afiliadas a elibro.</subfield>
  </datafield>
  <datafield tag="650" ind1=" " ind2="0">
    <subfield code="a">Entrepreneurship.</subfield>
  </datafield>
  <datafield tag="650" ind1=" " ind2="0">
    <subfield code="a">Business</subfield>
    <subfield code="x">Growth.</subfield>
  </datafield>
  <datafield tag="650" ind1=" " ind2="0">
    <subfield code="a">Social entrepreneurship.</subfield>
  </datafield>
  <datafield tag="650" ind1=" " ind2="0">
    <subfield code="a">Organizational effectiveness.</subfield>
  </datafield>
  <datafield tag="650" ind1=" " ind2="0">
    <subfield code="a">Social responsibility of business.</subfield>
  </datafield>
  <datafield tag="650" ind1=" " ind2="4">
    <subfield code="a">Emprendimiento.</subfield>
  </datafield>
  <datafield tag="650" ind1=" " ind2="4">
    <subfield code="a">Crecimiento empresarial</subfield>
    <subfield code="x">Aspectos sociales.</subfield>
  </datafield>
  <datafield tag="650" ind1=" " ind2="4">
    <subfield code="a">Emprendimiento social.</subfield>
  </datafield>
  <datafield tag="650" ind1=" " ind2="4">
    <subfield code="a">Coaching empresarial.</subfield>
  </datafield>
  <datafield tag="650" ind1=" " ind2="4">
    <subfield code="a">Efectividad organizacional.</subfield>
  </datafield>
  <datafield tag="650" ind1=" " ind2="4">
    <subfield code="a">Responsabilidad social de las empresas.</subfield>
  </datafield>
  <datafield tag="655" ind1=" " ind2="4">
    <subfield code="a">Libros electr&#xF3;nicos.</subfield>
  </datafield>
  <datafield tag="700" ind1="1" ind2=" ">
    <subfield code="a">Rey Romero, Manuel Ricardo.</subfield>
  </datafield>
  <datafield tag="700" ind1="1" ind2=" ">
    <subfield code="a">Velandia Daza, Diana Milena.</subfield>
  </datafield>
  <datafield tag="700" ind1="1" ind2=" ">
    <subfield code="a">Vera-Ram&#xED;rez, Henry Daniel.</subfield>
  </datafield>
  <datafield tag="700" ind1="1" ind2=" ">
    <subfield code="a">Puello Socarr&#xE1;s, Gregorio Enrique.</subfield>
  </datafield>
  <datafield tag="700" ind1="1" ind2=" ">
    <subfield code="a">Pe&#xF1;a Lapeira, Camilo Jos&#xE9;,</subfield>
    <subfield code="e">compilador.</subfield>
  </datafield>
  <datafield tag="797" ind1="2" ind2=" ">
    <subfield code="a">elibro, Corp.</subfield>
  </datafield>
  <datafield tag="830" ind1=" " ind2="0">
    <subfield code="a">Compilaci&#xF3;n de textos de ciencias administrativas y contables.</subfield>
  </datafield>
  <datafield tag="830" ind1=" " ind2="0">
    <subfield code="a">Colecci&#xF3;n Uniminuto.</subfield>
  </datafield>
  <datafield tag="856" ind1="4" ind2="0">
    <subfield code="u">https://elibro.net/ereader/politecnicointernacional/129146</subfield>
  </datafield>
  <datafield tag="999" ind1=" " ind2=" ">
    <subfield code="c">57922</subfield>
    <subfield code="d">57922</subfield>
  </datafield>
</record>
